Шифртелеграмма полпреда СССР в Германии А. А. Шкварцева наркому иностранных дел СССР В. М. Молотову о беседе с министром иностра...

RUSMARC
00006961cbm0a2200409#x 450
0013a0f215f-e6bd-4629-a703-b55c854f38c7
00520210624124239.0
100##$a20210528j19400902k###0rusy50 ca
1010#$arus
102##$aDE
1220#$ad19400902##
2001#$aШифртелеграмма полпреда СССР в Германии А. А. Шкварцева наркому иностранных дел СССР В. М. Молотову о беседе с министром иностранных дел Германии И. фон Риббентропом о советско-финских отношениях, компенсации Германии за Сувалкскую область Литвы и решениях второго Венского арбитража
$j2 сентября 1940 г.
251##$cДокумент
300##$aЗаверенная копия
461#0$12001
$aФ. 059
$1251
$cФонд
$1852
$j059
462#0$12001
$aОп. 1. П. 316
$1251
$cОпись
$1852
$j1. П. 316
462#0$12001
$aД. 2176
$vЛ. 185-187
$1251
$cДело
$1852
$j2176
600#1$2nlr_sh
$3RU\NLR\AUTH\66998405
$aРиббентроп
$bИ.
$gИоахим фон
$f1893 - 1946
$jДокументы и материалы
60102$2prlib_sh
$3LIBNET\UAF\0000095992
$aВенский арбитраж
$d2
$z1940
$jДокументы и материалы
605##$2prlib_sh
$3LIBNET\UAF\0000088514
$aВторая мировая война в архивных документах (Комплекс оцифрованных архивных документов, кино- и фотоматериалов)
$lколлекция
6061#$2prlib_sh
$3LIBNET\UAF\0000095993
$aТерриториальные споры
$yГермания
$z1940
$jДокументы и материалы
6061#$2prlib_sh
$3LIBNET\UAF\0000095942
$aТерриториальные споры
$yФинляндия
$z1940
$jДокументы и материалы
607##$2nlr_sh
$3RU\NLR\AUTH\661432193
$aСувалкская область (Польша)
$xИстория
$z20 в.
$jДокументы и материалы
607##$2prlib_sh
$3LIBNET\UAF\0000094214
$aГермания
$xВнешняя политика
$yСССР
$z1940
$jДокументы и материалы
607##$2prlib_sh
$3LIBNET\UAF\0000095147
$aСССР
$xВнешняя политика
$yГермания
$z1940
$jДокументы и материалы
617##$2prlib_sh
$aСССР
$f1940
617##$2prlib_sh
$aГермания
$f1940
617##$2prlib_sh
$aФинляндия
$f1940
686##$a63.3(4Гем)62-6ю11
$vLBC/M
$2rubbk
686##$a63.3(4Фин)6-6ю11
$vLBC/M
$2rubbk
686##$a63.3(2)621-6ю11
$vLBC/M
$2rubbk
801#0$aRU
$bПБ им. Б.Н. Ельцина
$c20210528
801#1$aRU
$bПБ им. Б.Н. Ельцина
$c20210528
$2rusmarc
801#2$aRU
$bПБ им. Б.Н. Ельцина
$c20210624
$2rusmarc
850##$aАрхив внешней политики Российской Федерации
852##$aАВП РФ
$jЛ. 185-187
8564#$nПБ им. Б.Н. Ельцина
$uhttp://readingroom.main.prlib.ru/item.aspx?id_node=n165217517&mode=full
035##$aLIBNET\0001156977
937##$d165217517
$hФедеральное архивное агентство
Формат отображения